• 首页
  • 本馆介绍
  • 公告通知
  • 最新文献
  • 馆藏检索
  • 电子资源
  • 读者导购
  • 参考咨询
  • 我的图书馆
  • 登录
  • 详细信息显示
  • 放入我的书架
  • 预约/预借图书
  • 作者相关作品
  • 分类相关作品
  • 丛书相关作品
  • 出版社相关作品

书目信息

  • 表格格式
  • 工作单格式
  • 卡片格式
题名:
李商隐诗集
    
 
作者: 刘枫 主编
分册:  
出版信息: 银川   阳光出版社  2016
页数: 14,192页
开本: 23cm
丛书名:
单 册:
中图分类: I207.227.424
科图分类:
主题词: 唐诗--诗集
电子资源:
ISBN: 978-7-5525-2985-2
000 00931nam0 2200253 450
001 012001001103
005 20140920091302.0
010    @a978-7-5525-2985-2@dCNY25.80
100    @a20180412d2016 em y0chiy50 ea
101 0  @achi
102    @aCN@b640000
105    @ay z 000gy
106    @ar
200 1  @a李商隐诗集@9Li Shang Yin Shi Ji@f刘枫主编
210    @a银川@c阳光出版社@d2016
215    @a14,192页@d23cm
300    @a中国古典名著精华
330    @a“中国古典名著系列”精选自中国古代优秀典籍,阅读这些古典名著,不仅可以给人以美的享受,还能丰富精神世界、开拓眼界。《李商隐诗集》是“中国古典名著系列”其中之一,对于中小学生真切地感受当时的社会生活,更为全面、系统地了解中国古典文化精髓有很大的帮助作用。
600  0 @a李商隐@f(812-约858)@x唐诗@x鉴赏
606 0  @a唐诗@x诗集
690    @aI207.227.424@v5
701  0 @a刘枫@9Liu Feng@4主编
801  0 @aCN@b上海新华@c20180901
905    @b1151532-36@dI207.227@e1110@f5
    
    李商隐诗集/刘枫主编.-银川:阳光出版社,2016
    14,192页;23cm
    中国古典名著精华
    
    ISBN 978-7-5525-2985-2:CNY25.80
    “中国古典名著系列”精选自中国古代优秀典籍,阅读这些古典名著,不仅可以给人以美的享受,还能丰富精神世界、开拓眼界。《李商隐诗集》是“中国古典名著系列”其中之一,对于中小学生真切地感受当时的社会生活,更为全面、系统地了解中国古典文化精髓有很大的帮助作用。
●
相关链接 在E读中查询图书 在五车中查询图书 在当当中查询图书 在豆瓣中查询图书


正题名:李商隐诗集     索取号:I207.227/1110         预约/预借

序号 登录号 条形码 馆藏地/架位号 状态 备注
1 1151532   211515323   第一样本阅览室/ [索取号:I207.227/1110] 在馆    
2 1151533   211515332   密集书库-文学院/ [索取号:I207.227/1110] 在馆    
3 1151534   211515341   第二借阅区/ [索取号:I207.227/1110] 在馆    
4 1151535   211515350   第二借阅区/ [索取号:I207.227/1110] 在馆    
5 1151536   211515369   第二借阅区/ [索取号:I207.227/1110] 在馆    
唐山师范学院图书馆 欢迎您!
大连网信软件有限公司© 版权所有